[Event "MCR mladeze, Kouty 2018 - H10"]
[Site "Kouty nad Desnou"]
[Date "2018.03.10"]
[Round "1"]
[White "Prazak, Daniel"]
[Black "Brozka, Karel"]
[Result "0-1"]
[WhiteElo "1308"]
[BlackElo "1665"]
[EventDate "2018.03.10"]

1. e4 c6 2. d4 g6 3. Nc3 Bg7 4. f4 d5 5. e5 Qc7 6. Be2 e6 7. g4 Ne7 8. Be3 Nd7 9.
Nf3 a6 10. Qd2 c5 11. h4 c4 12. a4 b6 13. h5 Rb8 14. hxg6 hxg6 15. Rxh8+ Bxh8 16.
Kf2 Bg7 17. Kg3 b5 18. axb5 axb5 19. b3 Nf8 20. bxc4 bxc4 21. Bd1 Bd7 22. Ne2 Qb6
23. Qa5 Qxa5 24. Rxa5 Nc6 25. Ra1 Bc8 26. c3 Nd7 27. Ba4 Ra8 28. Nc1 Kf8 29. Ra2
Bb7 30. Bxc6 Bxc6 31. Rxa8+ Bxa8 32. Na2 Ke8 33. Nh4 Bh6 34. Kf3 Bb7 35. f5 Nxe5+
36. dxe5 d4+ 37. Ke2 dxe3 38. f6 Bf4 39. Nf3 Bxf3+ 40. Kxf3 Bxe5 41. g5 Bf4 42.
Nc1 Bxg5 43. Ne2 Kd7 44. Nd4 Kd6 45. Ke4 Bxf6 46. Kxe3 0-1

[Event "MCR mladeze, Kouty 2018 - H10"]
[Site "Kouty nad Desnou"]
[Date "2018.03.10"]
[Round "1"]
[White "Finek, Vaclav"]
[Black "Setina, Vaclav"]
[Result "1-0"]
[WhiteElo "1626"]
[BlackElo "1224"]
[EventDate "2018.03.10"]

1. e4  c5  2. Nf3  Nc6
3. d4  cxd4  4. Nxd4
g6  5. Nc3  Bg7
6. Be3  Nf6  7. Bc4  Qa5
8. Nb3  Qb4  9. Bd3
Nxe4  10. Bxe4  Bxc3+
11. bxc3  Qxe4  12. Qe2
Qxg2  13. O-O-O  d6
14. Rhg1  Bg4  15. Qxg4
Qxg4  16. Rxg4  Ne5
17. Rb4  b6  18. Ra4
O-O  19. Rg1  Rfc8
20. Bd2  Nf3  21. Rg3
Nxd2  22. Kxd2  f5
23. Re3  e5  24. Rd3
Rd8  25. Rc4  Rd7
26. a4  Re8  27. Rc6
d5  28. c4  Red8
29. cxd5  Rxd5  30. Rxd5
Rxd5+  31. Ke2  Rd7
32. a5  bxa5  33. Nxa5
Kf7  34. c4  Re7
35. c5  Re6  36. Rxe6
Kxe6  37. Kd3  h5
38. h4  a6  39. c6
Kd6  40. Nc4+  Kxc6
41. Nxe5+  Kd5  42. Nxg6
a5  43. Nf4+  Ke5
44. Ke3  a4  45. Ne2
a3  46. Nc3  f4+
47. Kd3  Kf5  48. f3
Ke5  49. Kc4  Ke6
50. Kb3  Ke5  51. Ne2
a2  52. Kxa2  Kd5
53. Nxf4+  Ke5  54. Nxh5
Kf5  55. Kb3  Kg6
56. Ng3  1-0

[Event "MCR mladeze, Kouty 2018 - H10"]
[Site "Kouty nad Desnou"]
[Date "2018.03.10"]
[Round "1"]
[White "Kubin, Tomas Daniel"]
[Black "Hladky, Tadeas"]
[Result "1/2-1/2"]
[WhiteElo "1218"]
[BlackElo "1592"]
[EventDate "2018.03.10"]

1. e4  e5  2. Nf3  Nc6
3. d4  exd4  4. Bc4
Nf6  5. e5  d5
6. Bb5  Ne4  7. Nxd4  Bd7
8. Bxc6  Bxc6  9. Nxc6
bxc6  10. O-O  Be7
11. Nd2  Nxd2  12. Bxd2
O-O  13. Re1  Rb8
14. b3  Bc5  15. Be3
Bb6  16. Qd3  Re8
17. f4  Qd7  18. Kh1
Rbd8  19. Rad1  c5
20. c4  d4  21. Bf2
Ba5  22. Re2  f6
23. Be1  Bb6  24. Bh4
Qg4  25. Bg3  fxe5
26. fxe5  Qe6  27. Bh4
Rd7  28. Bg3  Rf7
29. Ree1  Ref8  30. Rf1
Rf5  31. Kg1  c6
32. Rxf5  Rxf5  33. Rf1
g6  34. Rxf5  Qxf5
35. Qxf5  gxf5  36. e6
a6  37. Kf2  Kg7
38. Be5+  Kg6  39. e7
Kf7  40. Bd6  Ke8
41. Ke2  Kd7  42. Kd3
h5  43. h4  Ba5
44. Ke2  Bb4  45. g3  Ba3
46. Kd2  a5  47. Kc2
Bb4  48. Kd3  Ke8
49. a4  Kf7  50. Ke2
Ba3  51. Kd2  Ke8
52. Kc2  Bb4  53. Kd3
1/2-1/2

[Event "MCR mladeze, Kouty 2018 - H10"]
[Site "Kouty nad Desnou"]
[Date "2018.03.10"]
[Round "1"]
[White "Nemec, Jachym"]
[Black "Veverka, Vladimir"]
[Result "1-0"]
[WhiteElo "1539"]
[BlackElo "1217"]
[EventDate "2018.03.10"]

1. d4  Nf6  2. c4  e5
3. dxe5  Ng4  4. Nf3
Nc6  5. Bf4  Bb4+
6. Nbd2  Qe7  7. a3
Bxd2+  8. Qxd2  Ngxe5
9. Nxe5  Nxe5  10. e3
d6  11. Be2  O-O
12. O-O  b6  13. Bxe5
Qxe5  14. Bf3  Rb8
15. Rac1  Bb7  16. Bxb7
Rxb7  17. Rfd1  Re8
18. b4  h6  19. Qc2
Qe4  20. Qa4  b5
21. cxb5  Qe5  22. Qa6
Qxb5  23. Qxb5  Rxb5
24. Rxc7  1-0

[Event "MCR mladeze, Kouty 2018 - H10"]
[Site "Kouty nad Desnou"]
[Date "2018.03.10"]
[Round "1"]
[White "Zelba, Lukas"]
[Black "Nguyen, Thai Dang Vi"]
[Result "1-0"]
[WhiteElo "1184"]
[BlackElo "1435"]
[EventDate "2018.03.10"]

1. c4  e5  2. Nc3  Nf6
3. d3  Nc6  4. g3
Be7  5. Bg2  O-O
6. Nf3  d6  7. O-O
Be6  8. Nh4  Qd7
9. a3  Bh3  10. f4
Nh5  11. e3  Bg4
12. Bf3  Bxf3  13. Qxf3
Bxh4  14. Qxh5  Bf6
15. Ne4  Qe7  16. fxe5
Bxe5  17. Qf5  Rae8
18. Nf2  Qf6  19. Ng4
Qxf5  20. Rxf5  g6
21. Nf6+  Bxf6  22. Rxf6
Ne5  23. e4  Nxd3
24. Bh6  Rxe4  25. Bxf8
Kxf8  26. Raf1  Ne5
27. R6f4  Rxc4  28. Rxc4
Nxc4  29. Rc1  Nxb2
30. Rxc7  a5  31. Rxb7
Nc4  32. a4  Ke8
33. Kf2  h6  34. Ke2
f5  35. Kf3  Kd8
36. Ke2  Kc8  37. Rb5
Kc7  38. Kd3  Nb6
39. Rxa5  Kb7  40. Kd4
Kc6  41. Ra7  Nd7
42. Ra6+  Kc7  43. Kd5
Nb6+  44. Rxb6  Kxb6
45. Kxd6  g5  46. Ke5
f4  47. gxf4  gxf4
48. Kxf4  Ka5  49. Kg4
Kxa4  50. Kh5  Kb5
51. Kxh6  Kc6  52. h4
Kd6  53. Kg7  1-0

[Event "MCR mladeze, Kouty 2018 - H10"]
[Site "Kouty nad Desnou"]
[Date "2018.03.10"]
[Round "1"]
[White "Fizer, Marek"]
[Black "Barta, David"]
[Result "1-0"]
[WhiteElo "1434"]
[BlackElo "1164"]
[EventDate "2018.03.10"]

1. e4  e5  2. Nf3  Nc6
3. Bb5  Nf6  4. d3
d6  5. c3  Bd7
6. O-O  a6  7. Ba4  Ne7
8. Bb3  Ng6  9. Re1
Be7  10. Nbd2  c6
11. Nf1  O-O  12. Ng3
Be6  13. Bc2  Nd7
14. d4  Qc7  15. h3
d5  16. exd5 Bxd5 17. dxe5  Bxf3
18. Qxf3  Ndxe5  19. Qe2
Rfe8  20. Nf5  Nd7
21. Qh5  Nf6  22. Qf3
Bd6  23. Bg5  Ne5
24. Qg3  Nfd7  25. Be7
Nf3+  26. Qxf3  Bxe7
27. Nxe7+  1-0

[Event "MCR mladeze, Kouty 2018 - H10"]
[Site "Kouty nad Desnou"]
[Date "2018.03.10"]
[Round "1"]
[White "Taus, Zdenek"]
[Black "Juhanak, Daniel"]
[Result "0-1"]
[WhiteElo "1152"]
[BlackElo "1398"]
[EventDate "2018.03.10"]

1. d4 d5  2. Nf3  Nf6  3. Bf4
g6  4. e3  Bg7
5. c4  O-O  6. Nc3  c6
7. Be2  Bg4  8. Ne5
Bxe2  9. Qxe2  Nbd7
10. Nf3  Qa5  11. Qd2
dxc4  12. Ne5  Nxe5
13. Bxe5  Rad8  14. O-O
Qxe5  15. dxe5  Rxd2
16. exf6  Bxf6  17. Rab1
Bxc3  18. bxc3  b5
19. Ra1  Rfd8  20. a4
a6  21. axb5  axb5
22. Ra6  R8d6  23. Ra7
e6  24. Ra6  R2d3
25. e4  e5  26. Ra3
Rd1  27. Ra6  Rxf1+
28. Kxf1  Kg7  29. Ke2
Kf6  30. f3  h5
31. g3  g5  32. h3  Ke6
33. g4  h4  34. Rb6
f6  35. Ra6  c5
36. Ra5  Rb6  37. Ke1  Kd6
38. Kd2  Kc6  39. Kc2
b4  40. cxb4  cxb4
41. Ra1  b3+  42. Kc3
b2  43. Rb1  Kc5
44. Kc2  Rb3  45. Rxb2
Rxb2+  46. Kxb2  Kd4 0-1

[Event "MCR mladeze, Kouty 2018 - H10"]
[Site "Kouty nad Desnou"]
[Date "2018.03.10"]
[Round "1"]
[White "David, Adam"]
[Black "Jasso, Matej"]
[Result "1/2-1/2"]
[WhiteElo "1379"]
[BlackElo "1115"]
[EventDate "2018.03.10"]

1. e4  c5  2. Nf3  d6
3. Bc4  Nf6  4. d3
e6  5. c3  Be7
6. Nbd2  O-O  7. h3  Nbd7
8. g4  Nb6  9. Bb3
Bd7  10. Nf1  Bc6
11. Ng3  Qc7  12. Qe2
e5  13. Nh4  d5
14. Nhf5  dxe4  15. dxe4  Rad8
16. g5  Ne8  17. h4
Nd6  18. f3  c4
19. Bc2  Rfe8  20. h5  Bf8
21. Rh4  Nxf5  22. Nxf5
g6  23. hxg6 fxg6 24. Nh6+  Bxh6
25. gxh6  Qe7  26. Rg4
Bd7  27. Bg5  Qf7
28. Rg3  Rc8  29. O-O-O
Rc6  30. Be3  Ree6
1/2-1/2

[Event "MCR mladeze, Kouty 2018 - H10"]
[Site "Kouty nad Desnou"]
[Date "2018.03.10"]
[Round "1"]
[White "Zemek, Antonin"]
[Black "Soucek, Jan"]
[Result "0-1"]
[WhiteElo "1094"]
[BlackElo "1354"]
[EventDate "2018.03.10"]

1. e4  c5  2. Nf3  d6
3. d4  cxd4  4. Nxd4
Nf6  5. Nc3  a6 6. Be2 e6
7. Be3  Be7  8. O-O
O-O  9. Kh1  Nc6
10. Rg1  Qc7  11. g4
b5  12. g5  Nd7
13. h4  Bb7  14. h5  Nc5
15. g6  h6  16. gxf7+
Rxf7  17. Bxh6  b4
18. Nb1  Nxd4 19. Qxd4  Bxe4+
20. f3  Bf6  21. Qe3
Bxc2  22. Nd2  Bxb2
23. Raf1  Bf6  24. Rg2
Re8  25. f4  Ree7
26. Rfg1  a5  27. Rc1
Bf5  28. Nb3  Qa7
29. Nxc5  dxc5  30. Qxc5
Qxc5  31. Rxc5  Be4
32. Rxa5  Bxg2+  33. Kxg2
gxh6  34. Rb5  Bc3
35. Kg3  e5  36. Bc4
exf4+  37. Kf3  Re3+
38. Kf2  Be1+  39. Kf1
f3  40. Rb6  f2
41. Bxf7+  Kxf7  42. Rxh6  Rg3
43. Rg6  Rh3  44. Kg2
Rh1  45. Kxh1  f1=Q+
46. Kh2  Qf2+  47. Rg2
Qh4+  48. Kg1  Bg3
49. Rd2  Qg4  50. Kf1
Qf3+  51. Kg1  Qe3+
52. Kf1  Qxd2  53. Kg1
Qf2+  54. Kh1  Qh2#
0-1

[Event "MCR mladeze, Kouty 2018 - H10"]
[Site "Kouty nad Desnou"]
[Date "2018.03.10"]
[Round "1"]
[White "Buchta, Bartolomej"]
[Black "Juracak, David"]
[Result "1-0"]
[WhiteElo "1352"]
[BlackElo "1074"]
[EventDate "2018.03.10"]

1. e4 e5 2. Nf3 Nc6 3. Bc4 Nf6 4. Ng5 d5 5. exd5 Na5 6. Bb5+ c6 7. dxc6 bxc6 8.
Bd3 h6 9. Ne4 Bg4 10. Nxf6+ Qxf6 11. Qxg4 Bc5 12. O-O O-O 13. Nc3 Bb6 14. Ne4 Qe7
15. b3 Rad8 16. Ng3 Bd4 17. Rb1 Rfe8 18. Bb2 Bxb2 19. Rxb2 Rd4 20. Be4 Qg5 21.
Qxg5 hxg5 22. Re1 Re6 23. c3 Rd8 24. Bf5 Re7 25. Ne4 g6 26. Bh3 g4 27. Nf6+ Kg7
28. Nxg4 Rde8 29. Ne3 Kh8 30. g3 Rf8 31. Bg2 Re6 32. b4 Nb7 33. Nc4 Rb8 34. Nxe5
f6 35. Nxg6+ 1-0

[Event "MCR mladeze, Kouty 2018 - H10"]
[Site "Kouty nad Desnou"]
[Date "2018.03.10"]
[Round "1"]
[White "Buchtova, Viktorie"]
[Black "Day, Tobias"]
[Result "1-0"]
[WhiteElo "1023"]
[BlackElo "1340"]
[EventDate "2018.03.10"]

1. e4  e5  2. Nf3  Nc6
3. d4  exd4  4. c3
dxc3  5. Nxc3  d6
6. Bc4  Nf6  7. Bg5
Be7  8. O-O  O-O
9. Re1  b6  10. e5
Ne8  11. Bxe7  Qxe7
12. exd6  Qxd6  13. Qxd6
Nxd6  14. Bd5  Bb7
15. Ne5  Nxe5  16. Rxe5
Rae8  17. f4  c6
18. Bb3  Rxe5  19. fxe5
Nf5  20. Rf1  Nd4
21. Rf4  Nxb3  22. axb3
Re8  23. Re4  c5
24. Re1  f6  25. e6
Bc8  26. e7  Bb7
27. Nb5  Bc6  28. Nd6
Rb8  29. e8=Q+  Bxe8
30. Rxe8+  Rxe8  31. Nxe8
Kf8  32. Nd6  a6
33. Nc8  b5  34. Kf2
Ke8  35. Nd6+  Kd7
36. Ne4  Kc6  37. Ke3
f5  38. Nd2  Kd5
39. Kd3  g5  40. Kc3
g4  41. b4  c4
42. Nf1  f4  43. g3  fxg3
44. hxg3  h5  45. Ne3+
Ke4  46. Kd2  Kf3
47. Nf5  Ke4  48. Ng7
h4  49. gxh4  Kf4
50. h5  Kg5  51. Ke2
Kh6  52. Ne6  Kxh5
53. Nc5  Kh4  54. Kf2
Kh3  55. Kg1  Kg3
56. Nxa6  Kf3  57. Nc7
Ke4  58. Nxb5  Kd5
59. Na7  Kd6  60. b5
Kc5  61. Kg2  Kb6
62. Nc6  Kxb5  63. Nd4+
Kc5  64. Nc2  Kd5
65. Kg3  Ke4  66. Na3
Kd4  67. Kxg4  c3
68. b4  c2  69. Nxc2+
Kc4  70. Kf5  Kb5
71. Ke6  Kc6  72. Nd4+
Kc7  73. b5  Kb6
74. Kd7  Kb7  75. Kd8
Kb6  76. Kc8  Ka7
77. Kc7  Ka8  78. Nb3
Ka7  79. b6+ 1-0

[Event "MCR mladeze, Kouty 2018 - H10"]
[Site "Kouty nad Desnou"]
[Date "2018.03.10"]
[Round "1"]
[White "Pressler, Tobias"]
[Black "Ulcak, Michael"]
[Result "0-1"]
[WhiteElo "1336"]
[BlackElo "1354"]
[EventDate "2018.03.10"]

1. e4  e5  2. Nf3  Nc6
3. Bc4  Bc5  4. d3
Nf6  5. c3  O-O
6. O-O  d6  7. h3  h6
8. Bb3  Be6  9. Bc2
Bb6  10. Re1  Re8
11. Nh4  a6  12. Nf5
Bxf5  13. exf5  d5
14. Qd2  Qd7  15. g4
Rad8  16. Kh1  h5
17. f3  d4  18. a3
Qd5  19. Qg2  hxg4
20. fxg4  Qxg2+  21. Kxg2
e4  22. dxe4  d3
23. Bd1  Nxe4  24. Nd2
Nxd2  25. Rxe8+  Rxe8
26. Bxd2  Na5  27. Rb1
Nc4  28. Bf4  Re1
29. Bg3  Rxd1  30. Rxd1
Ne3+  31. Kf2  Nxd1+
32. Ke1  Ne3  33. h4
d2+  34. Ke2  d1=Q+
35. Kf2  Qf1# 0-1

[Event "MCR mladeze, Kouty 2018 - H10"]
[Site "Kouty nad Desnou"]
[Date "2018.03.11"]
[Round "2"]
[White "Brozka, Karel"]
[Black "Buchta, Bartolomej"]
[Result "1-0"]
[WhiteElo "1665"]
[BlackElo "1352"]
[EventDate "2018.03.10"]

1. d4 Nf6 2. Nf3 e6 3. Bg5 h6 4. Bh4 b6 5. c4 Bb7 6. e3 d6 7. Nc3 Nbd7 8. Be2 Qe7
9. Qc2 g5 10. Bg3 Nh5 11. Bd3 f5 12. h3 Nxg3 13. fxg3 Bg7 14. O-O-O O-O-O 15. Kb1
Rhf8 16. Rc1 Kb8 17. Na4 c5 18. Nc3 Bxf3 19. gxf3 cxd4 20. exd4 Bxd4 21. Nb5 Bc5
22. Qa4 Ne5 23. Be2 Nc6 24. Rcd1 d5 25. f4 Qd7 26. b3 Bf2 27. Bf3 d4 28. c5 bxc5
29. Rhf1 Be3 30. Rfe1 Bf2 31. Re2 Bxg3 32. Rc1 d3 33. Bxc6 dxe2 34. Bxd7 Rxd7 35.
Nc3 Rfd8 36. Nxe2 gxf4 37. Nxg3 fxg3 38. Qf4+ Kb7 39. Qf3+ Kb6 40. Qxg3 Rd1 41.
Qe5 Rxc1+ 42. Kxc1 Re8 43. Qd6+ Kb5 44. Qd7+ Kb4 45. Qxe8 f4 46. Qa4+ Kc3 47.
Qc4# 1-0

[Event "MCR mladeze, Kouty 2018 - H10"]
[Site "Kouty nad Desnou"]
[Date "2018.03.11"]
[Round "2"]
[White "Soucek, Jan"]
[Black "Finek, Vaclav"]
[Result "0-1"]
[WhiteElo "1354"]
[BlackElo "1626"]
[EventDate "2018.03.10"]

1. e4  d6  2. d4  Nf6
3. Nc3  g6  4. Be3
c6  5. Nf3  b5
6. a3  Bg7  7. Be2  O-O
8. O-O  Nbd7  9. Qd2
Bb7  10. Rad1  a6
11. b4  Qc7  12. Ne1
Rad8  13. Nd3  e5
14. dxe5  Nxe5  15. Nxe5
dxe5  16. Qc1  Rxd1
17. Rxd1  Rd8  18. Rxd8+
Qxd8  19. h3  a5
20. Qb1  axb4  21. Qxb4
Bf8  22. Bc5  Bxc5
23. Qxc5  Qd4  24. Qxd4
exd4  25. Na2  Nxe4
26. Nb4  c5  27. Nd3
c4  28. Nb4  Nc3
29. Bf1  Kf8  30. f3
f5  31. Kf2  f4
32. Ke1  Ke7  33. Kf2  Kd6
34. Ke1  Kc5  35. Kd2
Nb1+  36. Kc1  Nxa3
37. Na2  b4  38. Kb2
c3+  39. Kb3  Bd5+
40. Ka4  Bxa2  41. Bd3
Bc4  42. Bxc4  Nxc4
43. h4  Ne3  44. Kb3
Nxg2  45. Ka4  Nxh4
1-0

[Event "MCR mladeze, Kouty 2018 - H10"]
[Site "Kouty nad Desnou"]
[Date "2018.03.11"]
[Round "2"]
[White "Zelba, Lukas"]
[Black "Nemec, Jachym"]
[Result "0-1"]
[WhiteElo "1184"]
[BlackElo "1539"]
[EventDate "2018.03.10"]

1. e4  c5  2. Nc3  e6
3. f4  d5  4. e5
Nc6  5. Bb5  Bd7
6. Bxc6  Bxc6  7. Nf3
Ne7  8. d4  Nf5
9. O-O  cxd4  10. Ne2  Bc5
11. Kh1  Ne3  12. Bxe3
dxe3  13. Nfd4  Qd7
14. Nxc6  bxc6  15. c3
Rb8  16. b4  Be7
17. Rf3  c5  18. a3
cxb4  19. axb4  O-O
20. Rxe3  Rfc8  21. h3
Rc4  22. Rd3  Rbc8
23. Rd4  f6  24. Rxc4
Rxc4  25. Qa4  Qxa4
26. Rxa4  fxe5  27. Rxa7
Bf6  28. fxe5  Bxe5
29. Ra3  Kf7  30. Kg1
h6  31. Kf2  Kf6
32. Ke3  Bc7  33. Kd3
e5  34. Ra6+  Kf5
35. b5  e4+  36. Ke3
Bd8  37. Nd4+  Kg5
38. Ne6+  Kf5  39. g4+
Ke5  40. Nxd8  Rxc3+
41. Kd2  d4  42. Nc6+
Kf4  43. Nxd4  Rd3+
44. Ke2  Rxd4  45. Ra8
Rb4  46. Rb8  Rb2+
47. Ke1  Kf3  48. Rf8+
Ke3  49. Kd1  Rxb5
50. Rf5  Rxf5  51. gxf5
Kf4  52. Ke2  Kxf5
53. Ke3  g5  54. h4
gxh4  55. Kf2  Kf4
56. Kg2  e3  57. Kh3
e2  58. Kxh4  e1=Q+ 59. Kh5
Qg3  60. Kxh6  Qg5+
61. Kh7  Kf5  62. Kh8
Kf6  0-1

[Event "MCR mladeze, Kouty 2018 - H10"]
[Site "Kouty nad Desnou"]
[Date "2018.03.11"]
[Round "2"]
[White "Ulcak, Michael"]
[Black "Fizer, Marek"]
[Result "0-1"]
[WhiteElo "1354"]
[BlackElo "1434"]
[EventDate "2018.03.10"]

1. e4  c5  2. c3  d5
3. exd5  Qxd5  4. d4
Nc6  5. Nf3  Bg4
6. Be2  e6  7. O-O
Nf6  8. Be3  cxd4
9. cxd4  Be7  10. Nc3
Qa5  11. h3  Bh5
12. Qb3  Qb4  13. Nd2
Nxd4  14. Qxb4  Nxe2+
15. Nxe2  Bxb4  16. Ng3
Bg6  17. Nb3  O-O
18. Rac1  Nd5  19. Bc5
Bxc5  20. Nxc5  b6
21. Nce4  Nf4  22. Rc7
Bxe4  23. Nxe4  Rfc8
24. Rxc8+  Rxc8  25. Nc3
Nd3  26. Na4  b5
27. Nc3  a6  28. Kh2
Nxb2  29. Rb1  Rxc3
30. Rxb2  Kf8  31. f3
Ke7  32. Rd2  b4
33. Kg3  a5  34. Kf2
a4  35. Rd4  Rc2+
36. Kg3  b3  37. Rxa4
bxa2  38. Kh2  Kd6
39. Kg1  Rc1+  0-1

[Event "MCR mladeze, Kouty 2018 - H10"]
[Site "Kouty nad Desnou"]
[Date "2018.03.11"]
[Round "2"]
[White "Juhanak, Daniel"]
[Black "Buchtova, Viktorie"]
[Result "1-0"]
[WhiteElo "1398"]
[BlackElo "1023"]
[EventDate "2018.03.10"]

1. d4  Nf6  2. Nf3  e6
3. g3  d5  4. Bg2
Nc6  5. O-O  Be7
6. c4  dxc4  7. Qa4
O-O  8. Qxc4  Bd7
9. Nc3  a6  10. Rd1
Re8 11. Bf4  b5  12. Qb3
Nb4  13. Ne5  Rb8
14. Rac1  a5  15. Rd2
a4  16. Qd1  Bd6
17. a3  Nbd5  18. Nxd7
Qxd7  19. Bxd6  Qxd6
20. e4  Ne7  21. e5
Qd7  22. exf6  gxf6
23. Ne4  Nd5  24. Rc5
Kh8  25. Nc3  Nxc3
26. Rxc3  Rbd8  27. Bc6
Qd6  28. Bxe8  Rxe8
29. Qf3  e5  30. Rc6
Qd8  31. Qxf6+  Kg8
32. Qxd8  Rxd8  33. Rxc7
exd4  34. Rc5  Kg7
35. Rxb5  Kg6  36. Rb4
Kf5  37. Rdxd4  Re8
38. Rxa4  h5  39. Ra5+
Kg6  40. Rd6+  f6
41. Raa6  Kg5  42. Rxf6
Kg4  43. Kg2  Re1
44. f3+  Kg5  45. h4# 1-0

[Event "MCR mladeze, Kouty 2018 - H10"]
[Site "Kouty nad Desnou"]
[Date "2018.03.11"]
[Round "2"]
[White "Hladky, Tadeas"]
[Black "David, Adam"]
[Result "1-0"]
[WhiteElo "1592"]
[BlackElo "1379"]
[EventDate "2018.03.10"]

1. e4  c5  2. c3  g6 3. d4 cxd4
4. cxd4 d5  5. e5  Nc6  6. Nc3
Bg7 7. Be2 a6  8. Be3  Bf5
9. Qb3  Rb8  10. Nf3
e6  11. Qd1  Bg4
12. h3  Bxf3  13. Bxf3
Nge7  14. Ne2  O-O
15. O-O  Nf5  16. g4
Nxe3  17. fxe3  Rc8
18. Rc1  Qb6  19. Qd2
Rc7  20. Nc3  Rd8
21. Na4  Qa7  22. Be2
b6  23. Rc2  Rdc8
24. Rfc1  Bh6  25. Rc3
Bg7  26. a3  f6
27. exf6  Bxf6  28. b4  Qb7
29. Qd3  Ra8  30. Kg2
Kg7  31. b5  axb5
32. Qxb5  Bh4  33. Rxc6
Rac8  34. Rxb6  Qxb6
35. Nxb6  Rxc1  36. Qd7+
1-0

[Event "MCR mladeze, Kouty 2018 - H10"]
[Site "Kouty nad Desnou"]
[Date "2018.03.11"]
[Round "2"]
[White "Jasso, Matej"]
[Black "Kubin, Tomas Daniel"]
[Result "1-0"]
[WhiteElo "1115"]
[BlackElo "1218"]
[EventDate "2018.03.10"]

1. e4  d5  2. exd5  Nf6
3. c4  c6  4. dxc6
Nxc6  5. Nf3  e5
6. d3  Bf5  7. Nh4
Be6  8. Nc3  Be7
9. Be2  O-O  10. O-O
a6  11. Nf3  Qc7
12. Bg5  Rfd8  13. Rc1
Bxc4  14. Bxf6  Bxf6
15. Ne4  Be6  16. Nxf6+
gxf6  17. a3  Qe7
18. Re1  Kh8  19. Bf1
Rg8  20. Kh1  Rad8
21. Qa4 Bg4  22. Re3  Bxf3
23. Rxf3  Rd4  24. Qb3
Rd7  25. Rh3  Nd4
26. Qd1 Ne6 27. Rg3  Rdd8  28.
Be2  f5  29. Qd2  f4
30. Rxg8+  Rxg8  31. Bf3
Nd4  32. Qd1  Qh4
33. Be4  f5  34. Bxb7
Qxf2  35. Bd5  Rd8 36. Qh5
Ne2  37. Qxf5  h6
38. Qf6+ Kh7 39. Rc7+  Rd7  40.
Rxd7#  1-0

[Event "MCR mladeze, Kouty 2018 - H10"]
[Site "Kouty nad Desnou"]
[Date "2018.03.11"]
[Round "2"]
[White "Nguyen, Thai Dang Vi"]
[Black "Veverka, Vladimir"]
[Result "1/2-1/2"]
[WhiteElo "1435"]
[BlackElo "1217"]
[EventDate "2018.03.10"]

1. d4  Nf6  2. Nf3  d5
3. c4 c6  4. Nc3  Bf5
5. cxd5  Nxd5  6. Qb3
Qb6  7. Nxd5  Qxb3
8. axb3  cxd5  9. Bf4
Nc6  10. e3  e6
11. Bb5  Bb4+  12. Ke2  O-O
13. Bxc6  bxc6  14. Ra6
Rfc8  15. Rha1  f6
16. Rxa7  Rxa7  17. Rxa7
Be4  18. h3  h6
19. Rc7  Rxc7  20. Bxc7 Bxf3+
21. Kxf3  Kf7 1/2-1/2

[Event "MCR mladeze, Kouty 2018 - H10"]
[Site "Kouty nad Desnou"]
[Date "2018.03.11"]
[Round "2"]
[White "Day, Tobias"]
[Black "Taus, Zdenek"]
[Result "1-0"]
[WhiteElo "1340"]
[BlackElo "1152"]
[EventDate "2018.03.10"]

1. d4  d5 2. Nf3  Nc6  3. g3
Bf5  4. Bg2  g6
5. O-O  Bg7  6. e3  e6
7. Nh4  Nh6  8. c4
dxc4  9. Qa4  O-O
10. Qxc4  Qd6  11. Nc3
e5  12. Nb5  Be6
13. Nxd6  Bxc4  14. Nxc4
exd4  15. Bxc6  bxc6
16. exd4  Bxd4  17. Bxh6
Rfe8  18. Nf3  Rad8
19. Rfe1  Rxe1+  20. Rxe1
Bc5  21. Bg5  Rd3
22. Bh6  f5  23. Re8+
Kf7  24. Nfe5+  Kxe8
25. Nxd3  Bd4  26. Nde5
c5  27. Nc6  Bf6
28. Nxa7  Kd7  29. Nb5
1-0

[Event "MCR mladeze, Kouty 2018 - H10"]
[Site "Kouty nad Desnou"]
[Date "2018.03.11"]
[Round "2"]
[White "Barta, David"]
[Black "Pressler, Tobias"]
[Result "0-1"]
[WhiteElo "1164"]
[BlackElo "1336"]
[EventDate "2018.03.10"]

1. e4 d6 2. d4 Nf6 3. Nc3 Nbd7 4. Nf3 e5 5. dxe5 dxe5 6. Bc4 Bd6 7. Ng5 O-O 8.
Bxf7+ Rxf7 9. Nxf7 Kxf7 10. O-O Nc5 11. Re1 c6 12. Bg5 Bg4 13. Bxf6 Qd7 14. f3
Bh3 15. Bh4 g5 16. Bg3 Be6 17. Qd2 Nb3 18. Qxg5 Nxa1 19. Qh5+ Kf8 20. Rxa1 Qg7
21. a3 Re8 22. Rf1 b5 23. f4 Bf7 24. Qg5 exf4 25. Qxg7+ Kxg7 26. Bxf4 Bc5+ 27.
Kh1 Bg6 28. b4 Bd4 29. Ne2 Bb2 30. Bc1 Bxc1 31. Rxc1 Rxe4 32. Ng3 Re3 33. c3 Rd3
34. Nf1 Kf7 35. Kg1 Ke6 36. Kf2 Kd5 37. Ne3+ Ke4 38. Re1 Rd2+ 39. Re2 Kd3 40.
Rxd2+ Kxd2 41. c4 Kc3 42. cxb5 cxb5 43. Nd5+ Kb3 44. Nc7 Bd3 45. Ke3 Bf1 46. Kd4
Kxa3 47. Kc5 Ka4 48. g3 a5 49. bxa5 Kxa5 50. Nd5 Be2 51. Nc3 Bc4 52. Nb1 Bf1 53.
Nd2 Bh3 54. Nc4+ bxc4 55. Kxc4 Kb6 56. Kd5 Kc7 57. Ke5 Kd7 58. Kf6 Kd6 59. Kg5
Ke5 60. Kh6 Bf5 61. Kg5 Ke6 62. h4 Bd3 63. g4 Kf7 64. h5 Kg7 65. h6+ Kf7 66. Kh5
Kf6 67. g5+ Kf7 68. g6+ hxg6+ 69. Kg5 Kg8 70. Kg4 Kh7 71. Kg5 Bb1 72. Kg4 Kxh6
73. Kh4 g5+ 74. Kg4 Kg6 75. Kg3 Kf5 76. Kf3 Ba2 77. Kg3 g4 78. Kg2 Kf4 79. Kf2
g3+ 80. Kg2 Bb1 81. Kg1 Kf3 82. Kh1 Ba2 83. Kg1 g2 84. Kh2 Kf2 85. Kh3 g1=Q 86.
Kh4 Kf3 87. Kh5 Bb1 88. Kh6 Kf4 89. Kh5 Qg5# 0-1

[Event "MCR mladeze, Kouty 2018 - H10"]
[Site "Kouty nad Desnou"]
[Date "2018.03.11"]
[Round "2"]
[White "Juracak, David"]
[Black "Prazak, Daniel"]
[Result "0-1"]
[WhiteElo "1074"]
[BlackElo "1308"]
[EventDate "2018.03.10"]

1. d4  Nf6  2. c4  c5
3. d5  e6  4. Nc3
exd5  5. cxd5  d6
6. Bf4  a6  7. Nf3
Be7  8. e4  b5
9. Bd3  Bb7  10. Qb3  Qc7
11. Qd1  Nbd7  12. Rc1
O-O  13. O-O  c4 14. Bb1
Rab8  15. b3  Nb6
16. e5  Nfxd5  17. Nxd5
Nxd5  18. Qc2  g6
19. exd6  Bxd6  20. Bxd6
Qxd6  21. bxc4  Rfc8
22. c5  Qf4  23. Qe4
Rc7  24. Qxf4  Nxf4
25. Rfd1  Ne2+  26. Kf1
Nxc1  27. Rxc1  Bxf3
28. gxf3  Rbc8  0-1

[Event "MCR mladeze, Kouty 2018 - H10"]
[Site "Kouty nad Desnou"]
[Date "2018.03.11"]
[Round "2"]
[White "Setina, Vaclav"]
[Black "Zemek, Antonin"]
[Result "1-0"]
[WhiteElo "1224"]
[BlackElo "1094"]
[EventDate "2018.03.10"]

1. e4  e5  2. Nf3  Nf6
3. Bc4  Nc6  4. O-O
Bc5  5. Nc3  O-O
6. b3  d6  7. h3
Be6  8. Bxe6  fxe6
9. d3  Qe7  10. Na4
Bb6  11. Nxb6  axb6
12. c4  Rad8  13. Ba3
Qf7  14. Qc2  Qg6
15. Qd2  Rf7 16. Qg5 Qxg5  17.
Nxg5  Re7  18. Nf3  Ree8
19. Bb2  Ra8  20. a3
h6  21. Rfe1  Kf7
22. d4  exd4  23. Nxd4
Nxd4  24. Bxd4  e5
25. Bb2  g6  26. f3
h5  27. Kf2  Nd7
28. b4  Ra4  29. Rac1
Ke6  30. Ke3  Rg8
31. g4  hxg4  32. fxg4
Rh8  33. Rh1  Rh4
34. Kf3  Kf6  35. Kg3
Kg5  36. Rc3  Rh7
37. Rf1  Kh6  38. h4
Kg7  39. Bc1  Nf6
40. Rcf3  Nxe4+  41. Kg2
Rxh4  42. Rf7+  Kg8
43. Rf8+  Kg7  44. R1f7# 1-0